000 00358cam a22001217a 4500
008 180718b1973 xxu||||| |||| 00| 0 eng d
082 _aZ463x54 N125
100 _aNadkarni, M.V.
245 _aAgricultural prices and development with stability
_cby M.V. Nadkarni
260 _aDelhi
_bNational
_c1973
300 _a355p.
650 _aAgricultural prices --India
999 _c349411
_d349411